| 000 | 01050nam a2200313 a 4500 | ||
|---|---|---|---|
| 001 | vtls000196625 | ||
| 003 | NLI | ||
| 005 | 20210602113033.0 | ||
| 008 | 101125s1962 nyuh 001 0beng | ||
| 020 | _cUSD 18.00 | ||
| 039 | 9 |
_y201011252325 _zVLOAD |
|
| 040 | 0 |
_aNLI _beng _cVERGIS-2010 _eAACR2 |
|
| 041 | 0 | _aeng | |
| 044 | _anyu | ||
| 082 | 0 | 4 | _a833.91 |
| 100 | 1 |
_aPolitzer, Heinz, _d1910-1978 _9374469 |
|
| 245 | 1 | 0 |
_aFranz Kafka : _bparable and paradox / _cby Heinz Politzer |
| 260 |
_aIthaca, N.Y. : _bCornell University Press, _c1962 |
||
| 300 |
_axxi, 376 p. : _bfacsim. ; _c25 cm. |
||
| 504 | _aIncludes bibliographical references and index | ||
| 600 | 1 | 0 |
_aKafka, Franz, _d1883-1924 _9173325 |
| 650 | 0 |
_aAuthors, Austrian _y20th century _xBiography _9261944 |
|
| 887 | _a | ||
| 901 |
_a356331 _b8.10.1963 |
||
| 902 | _aE 833.91 P 759 | ||
| 942 |
_2ddc _cBKS |
||
| 949 |
_AVIRTUAITEM _D10000 _X100 _6PUR000356331ENG |
||
| 999 |
_aVIRTUA40 _c200095 _d200095 |
||
| 999 | _aVTLSSORT0080*0200*0400*0410*0440*0820*1000*2450*2600*3000*5040*6000*6500*9010*9020*9490*9991 | ||